|
|
|
|
| LEADER |
03080nas a2200349 a 4500 |
| 008 |
150624b xxum||p| |||| 00| 0 eng d |
| 245 |
|
|
|a Monthly public opinion surveys /
|
| 260 |
|
|
|a New Delhi
|b Indian institute of public opinion
|
| 300 |
|
|
|a .
|
| 310 |
|
|
|a Monthly
|
| 942 |
|
|
|c SER
|2 ddc
|
| 999 |
|
|
|c 13666
|d 13666
|
| 952 |
|
|
|0 0
|1 0
|4 0
|6 SHELF_8_000000000000000
|7 0
|9 100183
|a UL
|b UL
|c PER
|d 2013-09-02
|h Vol 58, No 11
|l 0
|o Shelf 8
|r 2013-09-02
|w 2013-09-02
|y SER
|
| 952 |
|
|
|0 0
|1 0
|4 0
|6 SHELF_8_000000000000000
|7 0
|9 100537
|a UL
|b UL
|c PER
|d 2013-09-27
|h Vol 58, No 12
|l 0
|o Shelf 8
|r 2013-09-27
|w 2013-09-27
|y SER
|
| 952 |
|
|
|0 0
|1 0
|4 0
|6 SHELF_8_000000000000000
|7 0
|9 102191
|a UL
|b UL
|c PER
|d 2013-12-03
|h Vol 59, No 1
|l 0
|o Shelf 8
|r 2013-12-03
|w 2013-12-03
|y SER
|
| 952 |
|
|
|0 0
|1 0
|4 0
|6 SHELF_8_000000000000000
|7 0
|9 102192
|a UL
|b UL
|c PER
|d 2013-12-03
|h Vol 59, No 2
|l 0
|o Shelf 8
|r 2013-12-03
|w 2013-12-03
|y SER
|
| 952 |
|
|
|0 0
|1 0
|4 0
|6 SHELF_8_000000000000000
|7 0
|9 102704
|a UL
|b UL
|c PER
|d 2013-12-30
|h Vol 59, No 3
|l 0
|o Shelf 8
|r 2013-12-30
|w 2013-12-30
|y SER
|
| 952 |
|
|
|0 0
|1 0
|4 0
|6 SHELF_8_000000000000000
|7 0
|9 103147
|a UL
|b UL
|c PER
|d 2014-01-29
|h Vol 59, No 4
|l 0
|o Shelf 8
|r 2014-01-29
|w 2014-01-29
|y SER
|
| 952 |
|
|
|0 0
|1 0
|4 0
|6 SHELF_8_000000000000000
|7 0
|9 103652
|a UL
|b UL
|c PER
|d 2014-04-02
|h Vol 59, No 5
|l 0
|o Shelf 8
|r 2014-04-02
|w 2014-04-02
|y SER
|
| 952 |
|
|
|0 0
|1 0
|4 0
|6 SHELF_8_000000000000000
|7 0
|9 103653
|a UL
|b UL
|c PER
|d 2014-04-02
|h Vol 59, No 6
|l 0
|o Shelf 8
|r 2014-04-02
|w 2014-04-02
|y SER
|
| 952 |
|
|
|0 0
|1 0
|4 0
|6 SHELF_8_000000000000000
|7 0
|9 104002
|a UL
|b UL
|c PER
|d 2014-04-29
|h Vol 59, No 7
|l 0
|o Shelf 8
|r 2014-04-29
|y SER
|
| 952 |
|
|
|0 0
|1 0
|4 0
|6 SHELF_8_000000000000000
|7 0
|9 104436
|a UL
|b UL
|c PER
|d 2014-06-03
|h Vol 59, No 8
|l 0
|o Shelf 8
|r 2014-06-03
|w 2014-06-03
|y SER
|
| 952 |
|
|
|0 0
|1 0
|4 0
|6 SHELF_8_000000000000000
|7 0
|9 105748
|a UL
|b UL
|c PER
|d 2014-07-07
|h Vol 59, No 9
|l 0
|o Shelf 8
|r 2014-07-07
|w 2014-07-07
|y SER
|
| 952 |
|
|
|0 0
|1 0
|4 0
|6 SHELF_8_000000000000000
|7 0
|9 106079
|a UL
|b UL
|c PER
|d 2014-07-31
|h Vol 59, No 10
|l 0
|o Shelf 8
|r 2014-07-31
|w 2014-07-31
|y SER
|
| 952 |
|
|
|0 0
|1 0
|4 0
|6 SHELF_8_000000000000000
|7 0
|9 106691
|a UL
|b UL
|c PER
|d 2014-09-18
|h Vol 59, No 11
|l 0
|o Shelf 8
|r 2014-09-18
|w 2014-09-18
|y SER
|
| 952 |
|
|
|0 0
|1 0
|4 0
|6 SHELF_8_000000000000000
|7 0
|9 107100
|a UL
|b UL
|c PER
|d 2014-11-04
|h Vol 59, No 12
|l 0
|o Shelf 8
|r 2014-11-04
|w 2014-11-04
|y SER
|
| 952 |
|
|
|0 0
|1 0
|4 0
|6 SHELF_8_000000000000000
|7 0
|9 107355
|a UL
|b UL
|c PER
|d 2014-11-18
|h Vol 60, No 1
|l 0
|o Shelf 8
|r 2014-11-18
|w 2014-11-18
|y SER
|
| 952 |
|
|
|0 0
|1 0
|4 0
|6 SHELF_8_000000000000000
|7 0
|9 107513
|a UL
|b UL
|c PER
|d 2014-11-27
|h Vol 60, No 2
|l 0
|o Shelf 8
|r 2014-11-27
|w 2014-11-27
|y SER
|
| 952 |
|
|
|0 0
|1 0
|4 0
|6 SHELF_8_000000000000000
|7 0
|9 108053
|a UL
|b UL
|c PER
|d 2015-01-14
|h Vol 60, No 3
|l 0
|o Shelf 8
|r 2015-01-14
|w 2015-01-14
|y SER
|
| 952 |
|
|
|0 0
|1 0
|4 0
|6 SHELF_8_000000000000000
|7 0
|9 108943
|a UL
|b UL
|c PER
|d 2015-03-25
|h Vol 60, No 4
|l 0
|o Shelf 8
|r 2015-03-25
|w 2015-03-25
|y SER
|
| 952 |
|
|
|0 0
|1 0
|4 0
|6 SHELF_8_000000000000000
|7 0
|9 109954
|a UL
|b UL
|c PER
|d 2015-06-04
|h Vol 60, No 5
|l 0
|o Shelf 8
|r 2015-06-04
|w 2015-06-04
|y SER
|
| 952 |
|
|
|0 0
|1 0
|4 0
|6 SHELF_8_000000000000000
|7 0
|9 109955
|a UL
|b UL
|c PER
|d 2015-06-04
|h Vol 60, No 6
|l 0
|o Shelf 8
|r 2015-06-04
|w 2015-06-04
|y SER
|